| 000 | 00713nam a2200205 a 4500 | ||
|---|---|---|---|
| 001 | 000043281 | ||
| 005 | 20201002040803.0 | ||
| 008 | 140304s1993 sp 001 0 spa d | ||
| 020 | _a8478803033 | ||
| 040 |
_aDO-SdBNP _bspa _cBNPHU |
||
| 100 | 1 |
_aRueda, Fernando _970901 |
|
| 245 | 1 | 3 |
_aLa Casa : _bEl CESID: agentes, operaciones secretas y actividades de los espias españoles / _cFernando Rueda. |
| 260 |
_aEspaña, : _bTemas de hoy, _c1993. |
||
| 300 |
_a39 p. ; _c23 cm. |
||
| 490 | 1 |
_aGrandes temas _v8 |
|
| 500 | _aIncluye notas a pie de páginas | ||
| 500 | _aIncluye índice onomástico | ||
| 500 | _aIncluye datos biografícos del autor en la solapa de la portada | ||
| 830 | 0 |
_aGrandes temas _n8 _970902 |
|
| 999 |
_c42770 _d42770 |
||